Restauración total del banco de ensayo de bombas en serie y paralelo con arreglos de tuberías en serie y paralelo del laboratorio de Turbomáquinas del Departamento de Energético de la carrera de Ingeniería Mecánica

La investigación presenta la restauración del banco de bombas en serie y paralelo del laboratorio de Turbomáquinas. Así mismo se realiza un plan de mantenimiento de las bombas. Y guías de laboratorios que faciliten el uso del banco a los estudiantes.

Bibliographic Details
Main Authors: García Baltodano, Ricardo Gustavo, Méndez, Joseling Auxiliadora
Other Authors: Tutor: Solórzano Moody, Silvio
Format: Tesis Section = Libro
Language:Undetermined
Spanish
Published: Managua UNI 2017
Subjects:
LEADER 01229nam a2200277Ia 4500
008 240830s9999 xx 000 0 und d
040 |a BIBLIOTECA-RUPAP Mon 621.67 G216 
041 |a spa 
082 |a Mon 621.67 G216 
100 1 |a García Baltodano, Ricardo Gustavo 
100 1 |b  Méndez, Joseling Auxiliadora 
245 1 0 |a Restauración total del banco de ensayo de bombas en serie y paralelo con arreglos de tuberías en serie y paralelo del laboratorio de Turbomáquinas del Departamento de Energético de la carrera de Ingeniería Mecánica 
260 |a Managua  |b UNI  |c 2017 
300 |a 185 p. :il. 
500 |a Contiene: anexos y CD. 
502 |a Tesis (Ingeniero Mecánico)- UNI, 2017. 
520 3 |a La investigación presenta la restauración del banco de bombas en serie y paralelo del laboratorio de Turbomáquinas. Así mismo se realiza un plan de mantenimiento de las bombas. Y guías de laboratorios que faciliten el uso del banco a los estudiantes. 
650 7 |a BOMBAS 
650 7 |b BOMBAS EN SERIE 
650 7 |c BOMBAS CENTRIFUGAS 
650 7 |d TUBERIAS 
650 7 |e BOMBAS-MANTENIMIENTO 
700 1 |a Tutor:  |b Solórzano Moody, Silvio 
942 |c BK  |2 ddc 
991 |a TESIS 
999 |c 15796